1654 1567 1262 1911 1062 1206 1302 1691 1482 1768 1418 1242 1581 1885 1971 1319 1112 1523 1905 1502 1769 1247 1723 1499 1614 1873 1543 1633 1534 1683 1648 1128 1888 1135 1084 1758 1345 1925 1945 1272 1691 1591 1258 1358 1741 1296 1041 1148 1076 1721 1921 1014 1485 1332 1363 1988 1749 1289 1802 1800 1688 1931 1521 1659 1363 1758 1859 1549 1712 1773 1486 1129 1339 1241 1065 1684 1136 1482 1694 1254 1520 1341 1784 1723 1773 1570 1256 1493 1118 1738 1775 1937 1036 1569 1559 1788 1835 1458 1020 BCNSPRNW ULIB Ver.6.0+V

เปลี่ยนเป็นภาษาไทย

Change to English
 แสดงรายละเอียดบรรณานุกรม
  กลับหน้าหลัก

Brief Record : Get Marc (ISO 2709) : E-mail record : QR code < ปิดหน้าต่าง
LEADER : 00000nam 2200000uu 4500
001    13399125202
003     ULIB
008    161110s2556||||th 000 0 tha d
020    ^a9789740210900
090    ^aนว ค949ม
100 0  ^aวิลาวัณย์ ฤดีศานต์
245 00 ^aแมวน้อยอยากนิพพาน THE CAT Who went to Heaven
250    ^aพิมพ์ครั้งที่ 5
260    ^aกรุงเทพฯ: ^bมติชน,^c2553,^fโรงพิมพ์มติชนปากเกร็ด
300    ^a80 หน้า
650  0 ^aBOOK
700 0  ^a^bวิลาวัณย์ ฤดีศานต์
945    ^p0^l0^i001483
999    ^aวรรณษา ชูชัยมงคล
รายการนี้ยังไม่มีแท็ก
คุณยังไม่ได้ล็อกอิน คุณสามารถมีกิจกรรมร่วมกับเว็บไซต์ได้ แต่ต้องล็อกอินก่อน ::
  ล็อกอิน

รายการสื่อสารสนเทศ

ลำดับที่ ประเภท เลขเรียก/บาร์โค้ด สถานที่ สถานะ
1. นวนิยาย
นวนิยาย
นว ค949ม ฉ.1 
  Barcode: 001483
ห้องสมุดวิทยาเขตสวรรค์ประชารักษ์
►นวนิยาย
บนชั้น
  ขอยืม

รายการใกล้เคียง
    ผู้แต่ง [วิลาวัณย์ ฤดีศานต์]

    หัวเรื่อง [BOOK]

BibComment


ยังไม่เคยถูกคอมเมนท์

คอมเมนท์ทรัพยากรรายการนี้
  คอมเมนท์: แมวน้อยอยากนิพพา..


 Copyright 2026. Bcnsprnw @Library